| 000 | 00000nam##2200000za#4500 |
| 001 | 9.697706 |
| 003 | CaOODSP |
| 005 | 20210624235612 |
| 007 | cr ||||||||||| |
| 008 | 150407|1975||||xxc|||||o f|0| 0 eng|d |
| 040 | |aCaOODSP|beng |
| 043 | |an-cn--- |
| 086 | 1 |aA53-1466/1975E-PDF |
| 110 | 1 |aCanada.|bAgriculture Canada.|bResearch Branch. |
| 245 | 10|aFarming potential of the Canadian Northwest / |h[electronic resource]|c[by] Robert E. Harris, Alfred C. Carder, William L. Pringle, Paul B. Hoyt, Donald G. Faris and Peter Pankiw, Research Station, Beaverlodge, Alberta. |
| 260 | |aOttawa - Ontario : |bAgriculture Canada. |cPrinted 1972, [c]1975. |
| 300 | |a28p.|bmap, tables, photographs |
| 500 | |aHistorical publication digitized by Agriculture and Agri-Food Canada. |
| 504 | |aBibliography. |
| 590 | |a13-17-Supp|b2013-07-25 |
| 690 | 07|aAgriculture|2gcpds |
| 690 | 07|aFarming|2gcpds |
| 690 | 07|aFarmlands|2gcpds |
| 856 | 40|ahttp://publications.gc.ca|qPDF|s1.86 MB|uhttps://publications.gc.ca/collections/collection_2013/aac-aafc/agrhist/A53-1466-1975-eng.pdf |
| 986 | |a1466 |